01993nmm a22002534a 4500003000900000005001700009008004100026041000800067044000700075245004700082250001300129260004200142300001800184520128100202650001701483650001201500650002201512650002901534653001201563710002501575856010501600942001901705999001501724BOLpUSFA20201001011745.0 t mx gq d z spa u aspa cMX aDesarrollo humanoh[recurso electrónico] a13a. ed. aMéxico D.F.: bMcGraw-Hill, c2015. a578 p.: bil. aEl libro contiene lo siguiente: : Parte 1: Acerca del desarrollo humano 1. Estudio del desarrollo humano. 2. Teoría e investigación Parte 2: Orígenes 3. Formación de una nueva vida. 4. Nacimiento y desarrollo físico en los primeros tres años. 5. Desarrollo cognitivo en los primeros tres años. 6. Desarrollo psicosocial en los primeros tres años. Parte 3: Niñez temprana 7. Desarrollo físico y cognoscitivo en la niñez temprana. 8. Desarrollo psicosocial en la niñez temprana. Parte 4: Niñez media 9. Desarrollo físico y cognoscitivo en la niñez media. 10. Desarrollo psicosocial en la niñez media. Parte 5: Adolescencia 11. Desarrollo físico y cognoscitivo en la adolescencia. 12. Desarrollo psicosocial en la adolescencia. Parte 6: Adultez emergente y temprana 13. Desarrollo físico y cognoscitivo en la adultez emergente y temprana. 14. Desarrollo psicosocial en la adultez emergente y temprana. Parte 7: Adultez media 15. Desarrollo físico y cognoscitivo en la adultez media. 16. Desarrollo psicosocial en la adultez media. Parte 8: Adultez tardía 17. Desarrollo físico y cognoscitivo en la adultez tardía. 18. Desarrollo psicosocial en la adultez tardía. Parte 9: El final de la vida 19. Manejo de la muerte y el duelo. aAdolescencia aNiñez aDesarrollo humano aEstrategia de desarrollo aAdultez bMartorell, Gabriela  uhttp://biblioteca.usfa.edu.bo/cgi-bin/koha/opac-retrieve-file.pl?id=1407259bf9f20c3389b572277f38eaba cDOCEzOPW2ddc c3665d3665